000 00406nam a22001217a 4500
999 _c10259
_d10259
003 OSt
008 201218b ||||| |||| 00| 0 eng d
245 _aAbhigyan - Quest For Excellence
250 _a2012(Apr-Jun Vol.30 No.1, Jul-Sep Vol.30 No.2, Oct-Dec Vol.30 No.3)
260 _aNew Delhi
_bFoundation for Organizational Research and Education (FORE)
650 _aMechanical Engineering
942 _2ddc
_cBV